000 00513nam a22001457a 4500
005 20140310181808.0
008 130704t xxu||||| |||| 00| 0 eng d
050 _aR 850
_b.In62 1990
082 _aREF 614.072
_bIn8 1990
245 _aInventory of health researches 1989-1990 /
_bResearch Information, Communication, and Utilization Program.
260 _aTaguig, Metro Manila :
_bInternational Development Research Centre (IDRC),
_c1990.
300 _a586 p. :
_c17 cm.
942 _2lcc
_cBK
999 _c3848
_d3848